000 00399nam a22001457a 4500
005 20250823144650.0
008 250823b |||||||| |||| 00| 0 eng d
020 _a9780471593850
050 _aBF76
_b.5 GOO
100 _aGOODWIN JAMES C.
245 _aRESEARCH IN PSYCHOLOGY;
_bMETHODS AND DESIGN
260 _aNEW YORK
_bJOHN WILEY AND SONS, INC.
_cc1995
300 _axix, 480p
942 _2lcc
_cBK
_n0
999 _c7360
_d7360